000 00469nam a2200193Ia 4500
003 GCL
008 140319s9999 xx 000 0 aRus d
040 _aGCL /
_cGCL
082 0 4 _a863
_bP E
100 1 _aPARDO, JESUS
245 1 0 _aECLIPSES /
_cPARDO, JESUS
260 _a[S.N] :
_bANAYA & MARIO MUCHNIK ،
_c1993
300 _a300
650 0 4 _aLITERATURE
650 0 4 _aFICTION
650 0 4 _aSPANISH LITERATURE
650 0 4 _aSPANISH FICTION
942 _2ddc
_cBK
999 _c12898
_d12898